Chanson du Joueur du Grenier - 6ème Génération - Statistiques

Statistiques générales
  • Ce quiz a été pris 81 fois
  • Le résultat moyen est 116 sur 171
Statistiques - réponses
Ordre Mots % Correct
37 | 98 | 150 le
93%
25 Je
91%
138 je
91%
165 ce
89%
1 | 13 | 83 | 112 Les
89%
31 | 34 | 110 | +5 others les
89%
29 | 66 | 107 à
88%
149 a
88%
6 | 17 | 81 | +4 others de
86%
79 | 100 en
86%
99 | 166 jeu
86%
39 La
86%
130 | 170 la
86%
4 | 15 | 103 | 144 des
82%
92 ces
80%
19 | 33 | 45 mais
80%
68 Mais
80%
8 | 69 | 154 quand
80%
94 Du
79%
134 | 148 et
79%
56 ne
79%
9 | 47 on
79%
27 | 58 | 86 | 136 pas
79%
23 peu
79%
62 que
79%
87 me
77%
52 | 132 | 167 est
75%
155 il
75%
10 | 101 leur
75%
11 tire
75%
22 un
75%
55 Vous
75%
70 | 73 | 139 vous
75%
35 | 84 | 160 ennemis
73%
41 se
73%
111 couilles !
71%
12 dessus !
71%
49 dire
71%
95 coup,
70%
141 Mon
70%
38 peuvent !
70%
85 peuvent
70%
20 | 46 bon
68%
21 | 63 | 135 c'est
68%
109 | 162 dans
68%
36 eux
68%
97 | 137 fini
68%
57 pouvez
68%
3 font
66%
5 | 16 impacts
66%
96 j'ai
66%
78 mec
66%
61 parce
66%
82 sprinter !
66%
43 | 53 toute
66%
80 train
66%
48 va
66%
24 convenu !
64%
151 cul
64%
142 perso
64%
171 poubelle !
64%
77 qu'un
64%
124 sur
64%
30 travers
64%
76 vite
64%
14 | 32 vitres
64%
72 accroupi
63%
89 accroupi,
63%
75 aussi
63%
157 aux
63%
169 direction
63%
158 échelles,
63%
54 neuve !
63%
26 peux
63%
44 seule
63%
28 tirer
63%
153 baleine
61%
152 d'une
61%
147 merde
61%
64 trop
61%
42 conduit
59%
104 coups
59%
65 dur
59%
71 êtes
59%
106 fusils
59%
133 | 168 horrible,
59%
156 monte
59%
108 pompes
59%
102 tirant
59%
40 voiture
59%
74 allez
57%
59 courir
57%
93 andouilles.
55%
126 murs,
55%
67 programmer !
55%
143 fait
54%
91 moi
54%
18 sables
52%
145 blagues
50%
2 étagères
48%
60 surement
48%
7 flammes
46%
90 matez
45%
88 toucher
45%
131 lumière
43%
164 textures,
41%
120 tenues
36%
122 mécano
34%
161 tombent
34%
117 sans
32%
123 dessinées
25%
129 déconnent,
21%
140 l'assure.
21%
128 grillages
18%
113 pots
13%
50 qu'c'est
13%
118 raison,
13%
116 tremblent
13%
115 plantes
11%
51 parc'qu'elle
9%
Aucun quiz correspondant
Distribution des résultats
% des personnes avec chaque résultat
Percentile par nombre de réponses
Votre historique - résultats
Vous n’avez pas pris ce quiz